| Tag |
First Indicator |
Second Indicator |
Subfields |
| LEADER |
00000cam a2200000 4500 |
| 001 |
in00000042795 |
| 005 |
20151007064850.0 |
| 008 |
800524s1960 rur 00000 rusrd |
| 035 |
|
|
|a (OCoLC)06354942
|
| 035 |
|
|
|9 AAE0784AM
|
| 040 |
|
|
|a TXA
|c TXA
|d UtOrBLW
|
| 049 |
|
|
|a TXAM
|c [1334375]
|
| 090 |
|
|
|a PE1129.S4
|b I8 1960
|
| 100 |
1 |
|
|a Kachalova, K. N.
|q (Ksenii︠a︡ Nikolaevna)
|
| 245 |
1 |
0 |
|a Prakticheskaia grammatika angliiskogo iazyka.
|
| 250 |
|
|
|a 8. izd., perer. i dop.
|b K. N. Kachalovoi.
|
| 264 |
|
1 |
|a Moskva :
|b Vneshtorgizdat,
|c 1960.
|
| 300 |
|
|
|a 731 pages
|
| 336 |
|
|
|a text
|b txt
|2 rdacontent
|
| 337 |
|
|
|a unmediated
|b n
|2 rdamedia
|
| 338 |
|
|
|a volume
|b nc
|2 rdacarrier
|
| 500 |
|
|
|a At head of title: K. N. Kachalova, E. E. Izrailevich.
|
| 500 |
|
|
|a Author's names in reverse order in 1st edition.
|
| 500 |
|
|
|a In Cyrillic characters.
|
| 650 |
|
0 |
|a English language
|v Textbooks for foreign speakers
|x Russian.
|
| 700 |
1 |
|
|a Izrailevich, E. E.
|
| 999 |
|
|
|a MARS
|
| 999 |
f |
f |
|s 80a72e32-9d58-3fb9-8b78-d165ac086e38
|i 862199cc-fd52-393f-9581-41adb2083910
|t 0
|
| 952 |
f |
f |
|p normal
|a Texas A&M University
|b College Station
|c Sterling C. Evans Library
|d Evans: Library Stacks
|t 0
|e PE1129.S4 I8 1960
|h Library of Congress classification
|i unmediated -- volume
|m A14803588282
|
| 998 |
f |
f |
|a PE1129.S4 I8 1960
|t 0
|l Evans: Library Stacks
|